| 000 | 00791nam a2200217Ii 4500 | ||
|---|---|---|---|
| 003 | JO-AjNU | ||
| 008 | 230605s9999||||xx |||||||||||||| ||und|| | ||
| 017 | _a2008/8/2946 | ||
| 040 |
_aJO-AjNU _bara _erda _cJO-AjNU |
||
| 041 | _aara | ||
| 050 | 1 | 4 | _aN350 .B376 2009 |
| 100 | 3 |
_aبشايرة، محمود خالد سليمان تأليف, _eauthor _927153 |
|
| 245 | 0 | 0 | _aالتربية الفنية وتنمية التفكير:اتجاهات حديثة في التدريس = Art education & development of thinking |
| 250 | _aط1 | ||
| 264 | 3 | 1 | _aاربد:عالم الكتب الحديث،2009 |
| 300 | _a179ص | ||
| 336 |
_atext _btxt _2rdacontent |
||
| 337 |
_aunmediated _bn _2rdamedia |
||
| 338 |
_avolume _bnc _2rdacarrier |
||
| 650 | 4 |
_aالتدريس-طرق التعلم _927154 |
|
| 999 |
_aA10378 _c13946 _d13946 |
||